| 000 -CABECERA |
| campo de control de longitud fija |
00932nam a2200205 a 4500 |
| 001 - NÚMERO DE CONTROL |
| campo de control |
000087072 |
| 005 - FECHA Y HORA DE LA ÚLTIMA TRANSACCIÓN |
| campo de control |
20200120224936.0 |
| 008 - DATOS DE LONGITUD FIJA--INFORMACIÓN GENERAL |
| campo de control de longitud fija |
190705s2005 ck a e 000 | spa d |
| 020 ## - NÚMERO INTERNACIONAL ESTÁNDAR DEL LIBRO |
| Número Internacional Estándar del Libro |
9583019062 |
| 041 0# - CÓDIGO DE LENGUA |
| Código de lengua del texto/banda sonora o título independiente |
spa |
| 090 ## - LOCALMENTE ASIGNADO TIPO-LC NÚMERO DE CLASIFICACIÓN (OCLC); NÚMERO DE CLASIFICACIÓN LOCAL (RLIN) |
| Número de clasificación (OCLC) (R) ; Numero de clasificación, CALL (RLIN) (NR) |
AC |
| Número cutter local (OCLC) ; Número de libro/Signatura topográfica íntegra, CALL (RLIN) |
PAL |
| 100 1# - ENTRADA PRINCIPAL--NOMBRE DE PERSONA |
| Nombre de persona |
Palacio Hincapíe, Juán Angel |
| 245 10 - MENCIÓN DE TÍTULO |
| Título |
La hora esperada y otras historias de verdades hechas fantasías / |
| Mención de responsabilidad, etc. |
Juán Angel Palacio Hincapíe. |
| 260 ## - PUBLICACIÓN, DISTRIBUCIÓN, ETC. |
| Lugar de publicación, distribución, etc. |
Bogotá : |
| Nombre del editor, distribuidor, etc. |
Panamericana, |
| Fecha de publicación, distribución, etc. |
2005. |
| 300 ## - DESCRIPCIÓN FÍSICA |
| Extensión |
175 paginas. |
| 520 3# - SUMARIO, ETC. |
| Sumario, etc. |
"Temas como la violencia, la muerte, los deseos, la corrupción y la pobreza son solo algunos de los aspectos reflejados en los cuentos de esta obra, y cuyos personajes enmarcan un destino inesperado y sus acciones evocan la realidad de lo trágico e inevitable que les correspondió vivir, aunque en ocasiones se vislumbran gotas de esperanza." |
| 650 14 - PUNTO DE ACCESO ADICIONAL DE MATERIA--TÉRMINO DE MATERIA |
| Término de materia o nombre geográfico como elemento de entrada |
Cuentos adulto |
| 650 24 - PUNTO DE ACCESO ADICIONAL DE MATERIA--TÉRMINO DE MATERIA |
| Término de materia o nombre geográfico como elemento de entrada |
Literatura adulto |
| 650 24 - PUNTO DE ACCESO ADICIONAL DE MATERIA--TÉRMINO DE MATERIA |
| Término de materia o nombre geográfico como elemento de entrada |
Cuentos colombianos |